Religion Quiz

Random Religion or Song Quiz
Score 0/121 Timer 06:00
0 Plays Today
Answer % Correct
my
94.1%
My
94.1%
My
94.1%
My
94.1%
My
94.1%
my
94.1%
my
94.1%
help
89.4%
help
89.4%
He
89.4%
He
89.4%
He
89.4%
He
89.4%
help
89.4%
help
89.4%
help
89.4%
help
89.4%
help
89.4%
the
88.2%
the
88.2%
The
88.2%
and
88.2%
The
88.2%
the
88.2%
the
88.2%
the
88.2%
the
88.2%
the
88.2%
the
88.2%
the
88.2%
Lord
83.5%
Lord
83.5%
Lord
83.5%
Lord
83.5%
Lord
83.5%
Lord
83.5%
Lord
83.5%
from
72.9%
from
72.9%
from
72.9%
from
72.9%
Answer % Correct
I
69.4%
cometh
64.7%
cometh
64.7%
of
64.7%
cometh
64.7%
of
64.7%
cometh
64.7%
to
62.4%
to
62.4%
mine
61.2%
All
61.2%
mine
61.2%
All
61.2%
will
60%
up
60%
will
60%
will
60%
is
60%
is
60%
up
60%
eyes
58.8%
eyes
58.8%
lift
57.6%
Lift
57.6%
hills
56.5%
hills
56.5%
For
54.1%
For
54.1%
whence
51.8%
not
51.8%
not
51.8%
not
51.8%
which
50.6%
which
50.6%
said
49.4%
be
49.4%
made
48.2%
heaven
48.2%
earth
47.1%
suffer
45.9%
by
45.9%
Answer % Correct
by
45.9%
more
45.9%
unto
45.9%
thy
44.7%
foot
44.7%
thy
44.7%
foot
44.7%
moved
44.7%
thy
44.7%
keeper
44.7%
thy
44.7%
thy
44.7%
right
44.7%
day
44.7%
thy
44.7%
even
44.7%
right
44.7%
thy
44.7%
thee
43.5%
nor
43.5%
thee
43.5%
nor
43.5%
night
43.5%
keepeth
42.4%
slumber
42.4%
sleep
42.4%
hand
42.4%
sun
42.4%
shall
42.4%
moon
42.4%
shall
42.4%
forever
42.4%
hand
42.4%
shade
41.2%
upon
41.2%
smite
41.2%
soul
41.2%
upon
41.2%
preserve
40%

You're not logged in!

Compare scores with friends on all Sporcle quizzes.
OR
Log In

Sporcle TV

Today on Sporcle TV


Watch our educational content, quiz creation guides, and fun videos on Sporcle TV.

Show Comments

Extras

Top Quizzes Today


Score Distribution

Paid Content

Your Account Isn't Verified!

In order to create a playlist on Sporcle, you need to verify the email address you used during registration. Go to your Sporcle Settings to finish the process.

Report this User

Report this user for behavior that violates our Community Guidelines.

Details: